El Salvador (Registro nro. 24623)

Detalles MARC
000 -CABECERA
Longitud fija campo de control 00763nam a22002297a 4500
003 - IDENTIFICADOR DELl NÚMERO DE CONTROL
Identificador del número de control OSt
005 - FECHA Y HORA DE LA ÚLTIMA TRANSACCIÓN
Fecha y hora de la última transacción 20160128163442.0
008 - CÓDIGOS DE INFORMACIÓN DE LONGITUD FIJA
Códigos de información de longitud fija 160126b2015 slv spa
020 ## - NÚMERO INTERNACIONAL NORMALIZADO PARA LIBROS
Número Internacional Normalizado para Libros (ISBN) 978-84-9844-528-2
040 ## - FUENTE DE LA CATALOGACIÓN
Centro transcriptor BMC
082 ## - NÚMERO DE LA CLASIFICACIÓN DECIMAL DEWEY
Númeroo de clasificación 972.84
082 ## - NÚMERO DE LA CLASIFICACIÓN DECIMAL DEWEY
Númeroo de clasificación 320.728409
245 00 - MENCIÓN DE TÍTULO
Título El Salvador
Resto del título : historia contemporánea, 1808-2010
Mención de responsabilidad, etc. Dirigido por, Carlos Gregorio López Bernal
260 ## - PUBLICACIÓN, DISTRIBUCIÓN, ETC. (PIE DE IMPRENTA)
Lugar de publicación, distribución, etc. San Salvador
Nombre del editor, distribuidor, etc. Fundación Mapfre
Fecha de publicación, distribución, etc. 2015
300 ## - DESCRIPCIÓN FÍSICA
Extensión 424, 24 [h, lam.]
Otras características físicas il. col. y n.
Dimensiones 18 cm
490 ## - MENCIÓN DE SERIE
Mención de serie Serie Centroamérica
500 ## - NOTA GENERAL
Nota general En la cub.: América Latina en la historia contemporánea
651 24 - PUNTO DE ACCESO ADICIONAL DE MATERIA - NOMBRE GEOGRÁFICO
9 (RLIN) 3692
Nombre geográfico El Salvador
Subdivisión de materia general Historia
651 24 - PUNTO DE ACCESO ADICIONAL DE MATERIA - NOMBRE GEOGRÁFICO
9 (RLIN) 9080
Nombre geográfico El Salvador
Subdivisión de materia general Política y gobierno
-- Historia
710 2# - PUNTO DE ACCESO ADICIONAL - NOMBRE DE ENTIDAD
9 (RLIN) 6221
Nombre de entidad o nombre de jurisdicción como elemento inicial Fundación Mapfre
942 ## - ENTRADA DE ELEMENTOS AGREGADOS (KOHA)
Fuente de clasificaión o esquema Dewey Decimal Classification
Koha [por defecto] tipo de item 1- Monografias
Existencias
Suprimido Perdido Fuente de clasificación o esquema Estropeado Restricciones de uso No para préstamo Código de colección Localización permanente Localización actual Localización en estanter&íacute;as Fecha adquisición Fuente de adquisición Número de inventario Préstamos totales Signatura completa Código de barras Fecha última consulta Fecha del precio de reemplazo Tipo de item de Koha
NULL NULL Dewey Decimal Classification NULL Prestable NULL NULL Biblioteca Miguel de Cervantes - UNICAES Biblioteca Miguel de Cervantes - UNICAES Sala Principal 27/01/2016 Donación - MAPFRE 031974   972.84 ELS 1036335 27/01/2016 27/01/2016 1- Monografias